000 01694cam a22003734i 4500
003 PE-LiUPU
005 20250731184052.0
008 161010s r 000 0 spa d
020 _a8403094272
035 _a(Sirsi) a164074
040 _aPE-LiUPU
_bspa
_cPE-LiUPU
_erda
049 _aPRUA
082 0 4 _a822.33
_bS47
_220
100 1 _aShakespeare, William,
_eautor.
245 1 0 _aWilliam Shakespeare :
_bobras completas /
_cWilliam Shakespeare.
264 _aEspaña :
_bAguilar,
_c2003.
300 _a1068 páginas ;
_c20 centímetros.
336 _atext
_2rdacontent
337 _aunmediated
_2rdamedia
338 _avolume
_2rdacarrier
505 0 _aVida y obras de William Shakespeare -- Tragedias -- Hamlet, príncipe de Dinamarca -- La tragedia de Macbeth -- Otelo, el moro de Venencia -- La tragedia de Romeo y Julieta -- El rey Lear -- Timón de Atenas -- La primera parte del rey Enrique IV -- La vida y muerte del rey Juan -- El rey Ricardo II -- La tragedia de Ricardo III.
526 _aP145
526 _aP127
526 _aP97
526 _aP14
526 _aP07
910 _ajck
_bncf
_cncf
_d20161010
942 _2ddc
_cBOOK
949 _a822.33 S47
_wDEWEY
_c1
_i75099
_lCCODEBUL1
_mBUL
_p20.30
_r0
_sY
_tBOOK
_u2016-10-10
_xEDUCACION
_PP20
_0DONACION
_o.STAFF. Colección Ciencias Humanas y Educación
994 _aC0
_bPEPRU
596 _a1
999 _a822.33 S47
_wDEWEY
_c12932
_i75099
_d12932
_e2018-11-19
_f2021-11-9
_g5
_lCCODEBUL1
_mBUL
_n1
_p20.30
_r0
_sY
_tBOOK
_u2016-10-10
_xEDUCACION
_PP20
_0DONACION
_o.STAFF. olección Ciencias Humanas y Educación
980 _81
_gALBERTO SANCHEZ Responsable de Automatización